000 01260cam a22003617a 4500
001 13106765
003 OSt
005 20250901165758.0
008 030227s2003 xxu b 000 0 eng d
010 _a 2003103216
015 _aGBA3-U9977
016 7 _a0534527094
_2Uk
020 _a0534527094 (pbk.)
035 _a(DLC)13106765
040 _aStDuBDS
_cStDuBDS
_dUk
_dCStRLIN
_dDLC
042 _alccopycat
050 0 0 _aRM 216 .N265 2003
_b.N265 2003
082 0 0 _a615.8/54
_222
100 1 _aNahikian-Nelms, Marcia.
245 1 0 _aMedical nutrition therapy :
_ba case study approach (with InfoTrac) /
_cMarcia Nahikian-Nelms, Sara Long Anderson.
250 _a2nd ed.
260 _aBelmont, Calif. ;
_aLondon :
_bWadsworth,
_c2003.
300 _a480 p. :
_bill. ;
_c28 cm.
500 _aPrevious ed.: Belmont, Calif.: Wadsworth/Thomson Learning, 2002.
504 _aIncludes bibliographical references.
650 0 _aDiet therapy.
650 0 _aDiet therapy
_vCase studies.
700 1 _aRoth, Sara Long.
906 _a7
_bcbc
_ccopycat
_d3
_encip
_f20
_gy-gencatlg
942 _2lcc
_cBK
999 _c9154
_d9154